Intelligenzblatt der Allgem. Literatur-Zeitung vom Jahre ...

Podrobná bibliografia
Ďalší autori: Goepferdt, Johann Christian Gottfried, 1755-1814 (Tlačiar)
Médium: Časopis
Jazyk:nemčina
Fyzický popis:27 cm
Predmet:

MARC

LEADER 00000nas a2200000 4500
001 vtls012291429
005 20260427105021.0
008 260213d17871799gw cr p 000 b0ger
015 |a SNBHFB 
040 |a SNKHF  |b slo  |c SNKHF  |e rda 
041 0 |a ger 
044 |a gw  |c DE 
072 7 |a 82  |x Literatúra. Literárny život  |2 konspekt 
072 7 |a 81  |x Lingvistika. Jazyky  |2 konspekt 
080 |a (051)-048.55  |2 2011 
080 |a 82  |2 2011 
080 |a 811.1/.9  |2 2011 
245 0 0 |a Intelligenzblatt der Allgem. Literatur-Zeitung vom Jahre ... 
264 3 |a Jena  |b gedruckt bey Joh. Christ. Gottfr. Göpferdt  |c 1787-1799 
300 |a 27 cm 
310 |a 2x týždenne 
321 |a 1x týždenne 
336 |a text  |b txt  |2 rdacontent 
337 |a bez média  |b n  |2 rdamedia 
338 |a zväzok  |b nc  |2 rdacarrierr 
500 |a V stĺpcoch tlačený text 
500 |a Súčasťou názvu je označenie roku 
561 |a Proveniencia: pečiatka Dr. E. Kadarász - ver. not. poz. Margity Zayovej Čís. 9589-9592.  |5 SNK ČB 5870/1787 
561 |a Proveniencia: pečiatka Dr. E. Kadarász - ver. not. poz. Margity Zayovej Čís. 9593-9596.  |5 SNK ČB 5870/1788 
561 |a Proveniencia: pečiatka Dr. E. Kadarász - ver. not. poz. Margity Zayovej Čís. 9599.  |5 SNK ČB 5870/1791 
561 |a Proveniencia: pečiatka Dr. E. Kadarász - ver. not. poz. Margity Zayovej Čís. 9602.  |5 SNK ČB 5870/1792 
561 |a Proveniencia: pečiatka Dr. E. Kadarász - ver. not. poz. Margity Zayovej Čís. 9605.  |5 SNK ČB 5870/1793 
561 |a Proveniencia: pečiatka Dr. E. Kadarász - ver. not. poz. Margity Zayovej Čís. 9620-9622.  |5 SNK ČB 5870/1798 
561 |a Proveniencia: pečiatka Dr. E. Kadarász - ver. not. poz. Margity Zayovej Čís. 9623-9625.  |5 SNK ČB 5870/1799 
588 |a Popis podľa: Numero 10. (1787) 
650 0 7 |a literatúra  |2 SNKPH  |9 1427 
650 0 7 |a lingvistika  |2 SNKPH  |9 860 
655 7 |a špecializované časopisy  |2 SNKPH  |9 70509 
700 1 |a Goepferdt, Johann Christian Gottfried,  |d 1755-1814  |4 prt  |9 274949 
752 |a Nemecko  |d Jena 
772 0 |a Allgemeine Literatur-Zeitung vom Jahre ...  |w vtls012291375 
852 |a snk  |b Zaiova knižnica: Zay 9217-9220  |p ČB 5870/1787 
852 |a snk  |b Zaiova knižnica: Zay 9221-9224  |p ČB 5870/1788 
852 |a snk  |b Zaiova knižnica: Zay 9227  |p ČB 5870/1791 
852 |a snk  |b Zaiova knižnica: Zay 9230  |p ČB 5870/1792 
852 |a snk  |b Zaiova knižnica: Zay 9233  |p ČB 5870/1793 
852 |a snk  |b Zaiova knižnica: Zay 9248-9250  |p ČB 5870/1798 
852 |a snk  |b Zaiova knižnica: Zay 9251-9253  |p ČB 5870/1799 
958 |a DD 
999 |c 11222  |d 13152 
952 |t Zay 9219  |a SNK  |b SNK  |c SNK_HF  |y PREZ  |7 0  |p 17A1570006  |o snkČB 5870/1787/3  |i snk2026/2338  |8 5  |0 0  |1 0  |4 0  |d 2026-02-13  |l 0  |r 2026-02-21 22:35:02  |w 2026-02-21 
952 |t Zay 9221  |a SNK  |b SNK  |c SNK_HF  |y PREZ  |7 0  |p 17A1570005  |o snkČB 5870/1788/1  |i snk2026/2340  |8 5  |0 0  |1 0  |4 0  |d 2026-02-13  |l 0  |r 2026-02-21 22:35:02  |w 2026-02-21 
952 |t Zay 9222  |a SNK  |b SNK  |c SNK_HF  |y PREZ  |7 0  |p 17A1570004  |o snkČB 5870/1788/2  |i snk2026/2342  |8 5  |0 0  |1 0  |4 0  |d 2026-02-13  |l 0  |r 2026-02-21 22:35:02  |w 2026-02-21 
952 |t Zay 9223  |a SNK  |b SNK  |c SNK_HF  |y PREZ  |7 0  |p 17A1570003  |o snkČB 5870/1788/3  |i snk2026/2347  |8 5  |0 0  |1 0  |4 0  |d 2026-02-13  |l 0  |r 2026-02-21 22:35:02  |w 2026-02-21 
952 |t Zay 9224  |a SNK  |b SNK  |c SNK_HF  |y PREZ  |7 0  |p 17A1570002  |o snkČB 5870/1788/4  |i snk2026/2348  |8 5  |0 0  |1 0  |4 0  |d 2026-02-13  |l 0  |r 2026-02-21 22:35:02  |w 2026-02-21 
952 |t Zay 9220  |a SNK  |b SNK  |c SNK_HF  |y PREZ  |7 0  |p 17A1570009  |o snkČB 5870/1787/4  |i snk2026/2330  |8 5  |0 0  |1 0  |4 0  |d 2026-02-13  |l 0  |r 2026-02-21 22:35:17  |w 2026-02-21 
952 |t Zay 9217  |a SNK  |b SNK  |c SNK_HF  |y PREZ  |7 0  |p 17A1570008  |o snkČB 5870/1787/1  |i snk2026/2331  |8 5  |0 0  |1 0  |4 0  |d 2026-02-13  |l 0  |r 2026-02-21 22:35:17  |w 2026-02-21 
952 |t Zay 9218  |a SNK  |b SNK  |c SNK_HF  |y PREZ  |7 0  |p 17A1570007  |o snkČB 5870/1787/2  |i snk2026/2335  |8 5  |0 0  |1 0  |4 0  |d 2026-02-13  |l 0  |r 2026-02-21 22:35:17  |w 2026-02-21 
952 |t Zay 9227  |a SNK  |b SNK  |c SNK_HF  |y PREZ  |7 0  |p 17A1570497  |o snkČB 5870/1791  |i snk2026/6137  |8 5  |0 0  |1 0  |4 0  |d 2026-04-27  |l 0  |r 2026-04-27 11:02:10  |w 2026-04-27 
952 |t Zay 9230  |a SNK  |b SNK  |c SNK_HF  |y PREZ  |7 0  |p 17A1570498  |o snkČB 5870/1792  |i snk2026/6138  |8 5  |0 0  |1 0  |4 0  |d 2026-04-27  |l 0  |r 2026-04-27 11:06:53  |w 2026-04-27 
952 |t Zay 9233  |a SNK  |b SNK  |c SNK_HF  |y PREZ  |7 0  |p 17A1570499  |o snkČB 5870/1793  |i snk2026/6139  |8 5  |0 0  |1 0  |4 0  |d 2026-04-27  |l 0  |r 2026-04-27 11:09:34  |w 2026-04-27